Chemical, biochemical, and engineering thermodynamics / (Record no. 10417)

MARC details
000 -LEADER
fixed length control field 01615cam a2200409 i 4500
001 - CONTROL NUMBER
control field 14095143
003 - CONTROL NUMBER IDENTIFIER
control field EG-ScBUE
005 - DATE AND TIME OF LATEST TRANSACTION
control field 20250730094652.0
008 - FIXED-LENGTH DATA ELEMENTS--GENERAL INFORMATION
fixed length control field 050901r20061999njua f 001 0 eng d
020 ## - INTERNATIONAL STANDARD BOOK NUMBER
International Standard Book Number 9780471661740 (cloth : acidfree paper)
020 ## - INTERNATIONAL STANDARD BOOK NUMBER
International Standard Book Number 0471661740 (cloth : acidfree paper)
040 ## - CATALOGING SOURCE
Original cataloging agency DLC
Language of cataloging eng
Description conventions rda
Transcribing agency DLC
Modifying agency DLC
-- EG-ScBUE
082 04 - DEWEY DECIMAL CLASSIFICATION NUMBER
Classification number 541.369
Edition number 22
Item number SAN
100 1# - MAIN ENTRY--PERSONAL NAME
Personal name Sandler, Stanley I.,
Dates associated with a name 1940-
Relator term author.
245 10 - TITLE STATEMENT
Title Chemical, biochemical, and engineering thermodynamics /
Statement of responsibility, etc Stanley I. Sandler, University of Delaware.
250 ## - EDITION STATEMENT
Edition statement Fourth edition.
264 #1 - PUBLICATION, DISTRIBUTION, ETC. (IMPRINT)
Place of publication, distribution, etc Hoboken, N.J. :
Name of publisher, distributor, etc John Wiley,
Date of publication, distribution, etc [2006]
264 #4 - PUBLICATION, DISTRIBUTION, ETC. (IMPRINT)
Date of publication, distribution, etc c2006
300 ## - PHYSICAL DESCRIPTION
Extent xiv, 945 pages :
Other physical details illustrations ;
Dimensions 27 cm
Accompanying material 1 CD
336 ## - CONTENT TYPE
Source rdacontent
Content type term text
Content type code txt
336 ## - CONTENT TYPE
Source rdacontent
Content type term sounds
Content type code snd
337 ## - MEDIA TYPE
Media type term unmediated
Source rdamedia
Media type code n
337 ## - MEDIA TYPE
Media type term audio
Source rdamedia
Media type code s
338 ## - CARRIER TYPE
Carrier type term volume
Carrier type code nc
Source rdacarrier
338 ## - CARRIER TYPE
Carrier type term computer disc
Carrier type code cd
Source rdacarrier
500 ## - GENERAL NOTE
General note Rev. ed. of: Chemical and engineering thermodynamics. 3rd ed. c1999.
500 ## - GENERAL NOTE
General note Includes index.
500 ## - GENERAL NOTE
General note Includes Appendices.<br/>
650 #7 - SUBJECT ADDED ENTRY--TOPICAL TERM
Topical term or geographic name as entry element Thermodynamics
Form subdivision Textbooks.
Source of heading or term BUEsh
650 #7 - SUBJECT ADDED ENTRY--TOPICAL TERM
Topical term or geographic name as entry element Chemical engineering
Form subdivision Textbooks.
Source of heading or term BUEsh
650 #7 - SUBJECT ADDED ENTRY--TOPICAL TERM
Topical term or geographic name as entry element Biochemical engineering
Form subdivision Textbooks.
Source of heading or term BUEsh
655 ## - INDEX TERM--GENRE/FORM
Form subdivision Reading book
700 1# - ADDED ENTRY--PERSONAL NAME
Personal name Sandler, Stanley I.,
Dates associated with a name 1940-
Title of a work Chemical and engineering thermodynamics.
856 42 - ELECTRONIC LOCATION AND ACCESS
Materials specified Publisher description
Uniform Resource Identifier <a href="http://www.loc.gov/catdir/enhancements/fy0625/2005054235-d.html">http://www.loc.gov/catdir/enhancements/fy0625/2005054235-d.html</a>
856 41 - ELECTRONIC LOCATION AND ACCESS
Materials specified Table of contents only
Uniform Resource Identifier <a href="http://www.loc.gov/catdir/enhancements/fy0625/2005054235-t.html">http://www.loc.gov/catdir/enhancements/fy0625/2005054235-t.html</a>
942 ## - ADDED ENTRY ELEMENTS (KOHA)
Source of classification or shelving scheme Dewey Decimal Classification
Koha item type Book - Borrowing
Holdings
Withdrawn status Lost status Source of classification or shelving scheme Damaged status Not for loan Collection code Home library Current library Shelving location Date acquired Source of acquisition Cost, normal purchase price Serial Enumeration / chronology Total Checkouts Full call number Barcode Date last seen Date checked out Koha item type Price effective from Materials specified (bound volume or other part)
    Dewey Decimal Classification     Alahram Central Library Central Library First floor 26/01/2009 Purchase 262.50 06480 3 541.369 SAN 000015101 15/07/2025 12/11/2013 Book - Borrowing    
    Dewey Decimal Classification     Alahram Central Library Central Library First floor 26/01/2009     06480 1 541.369 SAN 000015094 24/08/2022 14/10/2009 CD | DVD - With book 26/01/2009  
    Dewey Decimal Classification     Alahram Central Library Central Library First floor 27/01/2009 Purchase 262.50 06455 2 541.369 SAN 000014330 15/07/2025 25/03/2010 Book - Borrowing    
  Lost Dewey Decimal Classification       Central Library Central Library First floor 04/11/2009 Purchase     1 541.369 SAN 000018834 29/08/2010 25/03/2010 CD | DVD - With book   Lost In Inventory_2018-08-12
    Dewey Decimal Classification       Central Library Central Library First floor 14/10/2010         541.369 SAN 000022397 24/08/2022   CD | DVD - With book 14/10/2010